000 00486nab a2200145Ia 4500
003 ES-SlBCS
005 20210601125450.0
008 140529s1982-83 xxu||||| |||| 00| 0 eng d
041 _aeng
100 1 _aSulber, John R.
_9158982
245 0 4 _aThe Moral Good and the Natural Good in Kant's Ethics
_c John R. Sulber
600 1 4 _aKant, Immanuel
_d, 1724-1804
_xCrítica e interpretación
_9103752
773 0 _tReview of Methaphysics
_gvol. 36, 1982-83, págs. 397-438
_wRev843
942 _cAR
999 _c530790
_d530790